00596 2200229 4500001002100000005001700021008004100038020001800079035002500097043001200122082001000134090001600144100001900160245005600179250001100235260003100246300002700277650002000304700001800324850001200342990001200354INLIS00000000000712920150626094429.0 ind  a979-672-073-6 a0010-061500000001250 aYOPDYOG a639.3 a639.3 Liv P aLIVIAWATY, Evi apemeliharaan sidatcEvi Liviawaty dan Eddy Afrianto aCet. 1 aYogyakartabKanisiusc1998 a134 hlm.bilus.c21 cm aSidat- Budidaya aEddy Afrianto aYOPDYOG a1130-PK